| 000 | 00333nam a2200097Ia 4500 | ||
|---|---|---|---|
| 008 | 220120s9999||||xx |||||||||||||| ||und|| | ||
| 100 |
_aAppanna, Dhruva, Medappa, Mandanna & Rana Aiyappa _912699 |
||
| 245 | 0 | _aRake and gather machine | |
| 260 |
_aCoorg Institute of Technology _bPonnampet _c2003 |
||
| 650 | _aELECTRONICS AND COMMUNICATIONS | ||
| 999 |
_c138299 _d138299 |
||